000 02195nam a2200493 i 4500
001 30337
003 KOSZ 005
005 20230718130600.0
008 230718s1994 pl a f 100 0 pol
015 _aPB 11488/97
040 _aWA N
_cWA N
_dKOSZ 005/HR
_dKOSZ 005/RW
041 0 _apol
_beng
046 _k1994
080 _a621.51/.54
080 _a(06)
245 0 0 _a"Pneumatyczne układy napędowe i sterujące" PNEUMA 93 :
_bVII Ogólnopolska Konferencja, Mielno [03-06.06.1993] /
_c[redaktorzy Wojciech Tarnowski, Tomasz Kiczkowiak] ; Wyższa Szkoła Inżynierska w Koszalinie, OBR [Ośrodek Badawczo Rozwojowy] Elementów i Układów Pneumatyki w Kielcach.
246 3 0 _aPNEUMA 93
250 _aWydanie I.
260 _aKoszalin :
_bWydawnictwo Wyższej Szkoły Inżynierskiej,
_c1994.
300 _a144 strony :
_bfotografie, rysunki, wykresy ;
_c24 cm.
336 _aTekst
_btxt
_2rdacontent
337 _aBez urządzenia pośredniczącego
_bn
_2rdamedia
338 _aWolumin
_bnc
_2rdacarrier
380 _aKsiążki
380 _aPublikacje naukowe
388 1 _a1901-2000
388 1 _a1989-2000
490 1 _aMateriały Konferencyjne Wydziału Mechanicznego / Wyższa Szkoła Inżynierska w Koszalinie.
500 _aTytuł grzbietu : PNEUMA 93.
504 _aBibliografia przy referatach.
546 _aStreszczenie w języku angielskim przy referatach.
650 7 _aNapęd pneumatyczny
650 7 _aUrządzenia sterujące
655 7 _aMateriały konferencyjne
655 7 _aPraca zbiorowa
658 _aInżynieria i technika
700 1 _aTarnowski, Wojciech
_d(1936- )
_eRedakcja
700 1 _aKiczkowiak, Tomasz
_d(1955- )
_eRedakcja
710 2 _aWydawnictwo Uczelniane (Wyższa Szkoła Inżynierska ; Koszalin)
_4pbl
830 0 _aMateriały Konferencyjne Wydziału Mechanicznego - Wyższa Szkoła Inżynierska w Koszalinie.
856 _uhttp://koha.tu.koszalin.pl/cgi-bin/koha/opac-detail.pl?biblionumber=30337
_yKatalog online BPK
856 _uhttp://dlibra.tu.koszalin.pl/dlibra/docmetadata?id=627&from=&dirids=1&ver_id=&lp=1&QI=
_yBiblioteka Cyfrowa
942 _2UKD
_cKS
999 _c30337
_d30337